[Event "Team Russia"]
[Site "Petergof"]
[Date "2015.08.04"]
[Round "4.29"]
[White "Pak, Alexander"]
[Black "Minko, Vladimir"]
[Result "0-1"]
[WhiteElo "2196"]
[BlackElo "2268"]
[PlyCount "68"]
[EventDate "2015.08.??"]
[EventType "team-swiss"]

1. e4 c5 2. Nf3 e6 3. b3 Nc6 4. Bb2 d6 5. Nc3 Nf6 6. d4 cxd4 7. Nxd4 Be7 8. Be2
e5 9. Nf5 Bxf5 10. exf5 d5 11. Qd3 e4 12. Qg3 d4 13. O-O-O Bd6 14. Qxg7 Bf4+
15. Kb1 Rg8 16. Qxg8+ Nxg8 17. Nxe4 Qa5 18. g3 Bc7 19. Bxd4 Nxd4 20. Rxd4 Qe5
21. Rhd1 Nf6 22. f4 Qe7 23. Nxf6+ Qxf6 24. Re4+ Kf8 25. Rd7 Qxf5 26. Red4 Re8
27. g4 Qf6 28. g5 Qg7 29. Bc4 Re1+ 30. Rd1 Rxd1+ 31. Rxd1 Qc3 32. Rd7 Bxf4 33.
Rxf7+ Ke8 34. Rxf4 Qe1+ 0-1

[Event "Team Russia"]
[Site "Petergof"]
[Date "2015.08.04"]
[Round "4.30"]
[White "Maslov, Ivan"]
[Black "Yeritsyan, Aram"]
[Result "1-0"]
[WhiteElo "2264"]
[BlackElo "2117"]
[PlyCount "89"]
[EventDate "2015.08.??"]
[EventType "team-swiss"]

1. d4 d5 2. c4 c6 3. cxd5 cxd5 4. Bf4 Nc6 5. e3 Bf5 6. Nc3 e6 7. Qb3 Qd7 8. Nf3
Nf6 9. Ne5 Qc8 10. Bb5 Nd7 11. O-O Be7 12. Rac1 Ndxe5 13. Bxe5 O-O 14. Na4 Nxe5
15. Rxc8 Rfxc8 16. Nc3 Nc6 17. Rc1 Na5 18. Qd1 a6 19. Bd3 Bxd3 20. Qxd3 b5 21.
Rc2 Rc4 22. g3 Rac8 23. Re2 Bb4 24. Nd1 Rc1 25. Kg2 Nc4 26. e4 dxe4 27. Rxe4
Nd6 28. Re2 Nf5 29. d5 Rd8 30. Nc3 Bxc3 31. bxc3 g6 32. Qd2 Ra1 33. Qb2 Rd1 34.
dxe6 fxe6 35. Rxe6 R1d2 36. Qb3 Kg7 37. Rxa6 Rf8 38. Ra7+ Kh6 39. Qb4 Ne3+ 40.
Kh3 Rf5 41. fxe3 Rh5+ 42. Kg4 Rg5+ 43. Kf3 Rf5+ 44. Ke4 Rg5 45. Qf8+ 1-0

[Event "Team Russia"]
[Site "Petergof"]
[Date "2015.08.04"]
[Round "4.31"]
[White "Arkhipkin, Ilya"]
[Black "Voloshin, Pavel"]
[Result "1/2-1/2"]
[WhiteElo "1974"]
[BlackElo "2053"]
[PlyCount "50"]
[EventDate "2015.08.??"]
[EventType "team-swiss"]

1. d4 e6 2. Nc3 d5 3. e4 Bb4 4. e5 c5 5. a3 Bxc3+ 6. bxc3 Ne7 7. Qg4 cxd4 8.
Qxg7 Rg8 9. Qxh7 Qc7 10. Ne2 Nbc6 11. f4 Bd7 12. Qd3 dxc3 13. Qxc3 Nf5 14. Rg1
Qb6 15. g4 Nfd4 16. Rg3 Rc8 17. Qd3 Qa5+ 18. Bd2 Qa4 19. Ra2 Nxe2 20. Bxe2 a5
21. Qb3 Qe4 22. Qf3 Qa4 23. Qb3 Qe4 24. Qf3 Qa4 25. Qb3 Qe4 1/2-1/2

[Event "Team Russia"]
[Site "Petergof"]
[Date "2015.08.04"]
[Round "4.32"]
[White "Paramzina, Anastasya"]
[Black "Obolentseva, Alexandra"]
[Result "1/2-1/2"]
[WhiteElo "2303"]
[BlackElo "2113"]
[PlyCount "130"]
[EventDate "2015.08.??"]
[EventType "team-swiss"]

1. e4 c5 2. Nf3 d6 3. d4 cxd4 4. Nxd4 Nf6 5. Nc3 a6 6. h3 e5 7. Nb3 b5 8. Bg5
Be7 9. Bxf6 Bxf6 10. a4 b4 11. Nd5 Bb7 12. Bc4 Bg5 13. O-O O-O 14. a5 Nd7 15.
Ra4 Bxd5 16. Bxd5 Rb8 17. Qe1 Qc7 18. Rxb4 Qxc2 19. Bc4 Bd2 20. Nxd2 Rxb4 21.
b3 Nc5 22. Nf3 Rxc4 23. bxc4 Qxc4 24. Nd2 Qc3 25. Nb1 Qc2 26. f3 Nd3 27. Qd2
Qc5+ 28. Kh1 Nf4 29. Rd1 Rd8 30. Rc1 Qb5 31. Na3 Qd7 32. Nc4 Ne6 33. Qd5 Qc7
34. Rc2 h5 35. Ne3 Qa7 36. Nf5 Rb8 37. Rc1 Rb5 38. Qc6 Rc5 39. Qe8+ Kh7 40. Rd1
Qc7 41. Ne7 Rc1 42. Qg8+ Kh6 43. Qxf7 Rxd1+ 44. Kh2 Qxe7 45. Qxe7 Nf4 46. Qa7
h4 47. Qxa6 Rd2 48. Qc6 Rd1 49. Qc2 Ra1 50. Qd2 Kh5 51. g3 hxg3+ 52. Kxg3 Rg1+
53. Kh2 Ra1 54. Qc3 Ra2+ 55. Kh1 g5 56. Qe1 Nxh3 57. Qf1 Kh4 58. Qe1+ Kh5 59.
Qc1 Nf2+ 60. Kg1 Nh3+ 61. Kf1 Rxa5 62. Qb1 Ra3 63. Kg2 Nf4+ 64. Kf2 Nh3+ 65.
Kg2 Nf4+ 1/2-1/2

[Event "Team Russia"]
[Site "Petergof"]
[Date "2015.08.04"]
[Round "4.33"]
[White "Shnajder, Mark"]
[Black "Gurvich, Vitaly"]
[Result "0-1"]
[WhiteElo "2027"]
[BlackElo "2331"]
[PlyCount "78"]
[EventDate "2015.08.??"]
[EventType "team-swiss"]

1. d4 Nf6 2. Nf3 e6 3. c4 Bb4+ 4. Nc3 b6 5. Bg5 h6 6. Bh4 g5 7. Bg3 Ne4 8. Qc2
Bb7 9. e3 Bxc3+ 10. bxc3 Nxg3 11. hxg3 Qe7 12. Bd3 Nc6 13. O-O-O O-O-O 14. e4
d6 15. Rh5 e5 16. d5 Na5 17. Rdh1 f6 18. Rxh6 Rxh6 19. Rxh6 Qg7 20. Rh5 Rh8 21.
g4 Rxh5 22. gxh5 g4 23. Nd2 Qg5 24. Qd1 Qxh5 25. Be2 Kb8 26. Bxg4 Qg5 27. Kc2
Ba6 28. Kd3 c6 29. Qf3 cxd5 30. exd5 b5 31. cxb5 Bxb5+ 32. c4 Nxc4 33. Nxc4 Qc1
34. Qe4 Qb1+ 35. Ke3 Qxe4+ 36. Kxe4 Bxc4 37. a3 Kc7 38. Be6 Kd8 39. Kf5 Ke7 0-1

[Event "Team Russia"]
[Site "Petergof"]
[Date "2015.08.04"]
[Round "4.34"]
[White "Mikhailovsky, Vladimir"]
[Black "Kolbyshev, Sergei"]
[Result "1-0"]
[WhiteElo "2231"]
[BlackElo "2154"]
[PlyCount "101"]
[EventDate "2015.08.??"]
[EventType "team-swiss"]

1. e4 c5 2. Nf3 e6 3. d4 cxd4 4. Nxd4 Nf6 5. Nc3 Nc6 6. Ndb5 d6 7. Bf4 e5 8.
Bg5 a6 9. Na3 Be6 10. Nc4 Rc8 11. Ne3 Nd4 12. Bd3 Be7 13. Bxf6 Bxf6 14. O-O O-O
15. Ncd5 Bg5 16. c3 Nc6 17. Bc2 Ne7 18. Bb3 b5 19. Qd3 Bxe3 20. Nxe3 Qb6 21.
Rad1 Rfd8 22. Bd5 Bxd5 23. Nxd5 Nxd5 24. Qxd5 Rc5 25. Qd3 Qc6 26. f4 exf4 27.
Rxf4 Re5 28. h3 Qc5+ 29. Kh1 h6 30. Rg4 Rg5 31. Rxg5 Qxg5 32. Qd4 Re8 33. Qxd6
Rxe4 34. Qxa6 Re2 35. Qa8+ Kh7 36. b3 f5 37. Rf1 f4 38. a4 bxa4 39. bxa4 Re3
40. Qc6 f3 41. Rxf3 Re1+ 42. Kh2 Qe5+ 43. Rg3 g5 44. Qd7+ Kg6 45. Qd3+ Kh5 46.
Qf3+ Kg6 47. Qd3+ Kh5 48. c4 Kh4 49. Qf3 Re4 50. Qxe4+ Qxe4 51. Rg4+ 1-0

[Event "Team Russia"]
[Site "Petergof"]
[Date "2015.08.04"]
[Round "4.35"]
[White "Kolmagorov, Alexey"]
[Black "Aleksandrovskiy, Dmitriy"]
[Result "0-1"]
[WhiteElo "1992"]
[BlackElo "2207"]
[PlyCount "92"]
[EventDate "2015.08.??"]
[EventType "team-swiss"]

1. Nf3 g6 2. g3 Bg7 3. Bg2 e5 4. O-O Nc6 5. d3 f5 6. Nbd2 d6 7. e4 Nge7 8. c3
O-O 9. Qb3+ Kh8 10. Ng5 Qe8 11. f4 h6 12. Nh3 Nd8 13. Nf3 Be6 14. Qc2 Qd7 15.
Nf2 Nf7 16. Be3 exf4 17. gxf4 fxe4 18. dxe4 d5 19. Rad1 Qc8 20. Bc5 Nd6 21.
Rfe1 Bg8 22. Bh3 Qe8 23. f5 Qf7 24. Nd4 dxe4 25. Ne6 gxf5 26. Nxf8 Rxf8 27.
Bxd6 cxd6 28. Rxd6 Ng6 29. Bg2 Be5 30. Rdd1 Nf4 31. Bxe4 fxe4 32. Qxe4 Ng6 33.
Rf1 Re8 34. Qg4 Qf4 35. Qxf4 Bxf4 36. Ng4 Be6 37. Nf6 Rf8 38. Nh5 Be3+ 39. Kg2
Nh4+ 40. Kg3 Nf5+ 41. Kg2 Bb6 42. Kh1 Bc4 43. Rf4 Bb5 44. h3 Bc6+ 45. Kh2 Bc7
46. Rdf1 Rg8 0-1

[Event "Team Russia"]
[Site "Petergof"]
[Date "2015.08.04"]
[Round "4.36"]
[White "Kruglikova, Viktorija"]
[Black "Miroshnik, Ekaterina"]
[Result "1-0"]
[WhiteElo "1944"]
[BlackElo "1786"]
[PlyCount "41"]
[EventDate "2015.08.??"]
[EventType "team-swiss"]

1. e4 e6 2. d4 d5 3. Nd2 Nf6 4. e5 Nfd7 5. Bd3 c5 6. c3 Nc6 7. Ndf3 cxd4 8.
cxd4 f6 9. exf6 Nxf6 10. Nh3 Bd6 11. O-O O-O 12. Re1 Bd7 13. Nhg5 Re8 14. Ne5
Qe7 15. Ngf3 Rac8 16. Bg5 Na5 17. Nh4 Nc4 18. Bxh7+ Kxh7 19. Qd3+ Kg8 20. Nhg6
Qd8 21. Qh3 1-0

[Event "Team Russia"]
[Site "Petergof"]
[Date "2015.08.04"]
[Round "4.37"]
[White "Bondarenko, Ivan"]
[Black "Shapiro, David"]
[Result "1/2-1/2"]
[WhiteElo "2062"]
[BlackElo "2292"]
[PlyCount "133"]
[EventDate "2015.08.??"]
[EventType "team-swiss"]

1. d4 d5 2. c4 Nc6 3. Nc3 dxc4 4. d5 Ne5 5. Bf4 Ng6 6. Bg3 e5 7. e4 Nf6 8. Bxc4
a6 9. a4 Bd6 10. Nf3 O-O 11. O-O Nh5 12. Re1 Nhf4 13. Bf1 f5 14. Nd2 Qg5 15.
exf5 Qxf5 16. Nde4 Qf7 17. f3 Ne7 18. Qb3 Qg6 19. Kh1 Rb8 20. Bxf4 Rxf4 21.
Bxa6 Rh4 22. Bf1 Nf5 23. Ne2 Bd7 24. Rac1 Rf8 25. g3 Rh6 26. g4 Nd4 27. Nxd4
exd4 28. Rc2 Kh8 29. h3 Bf4 30. Bg2 Qb6 31. Qxb6 Rxb6 32. a5 Rb4 33. Nc5 Re8
34. Rxe8+ Bxe8 35. Nd3 Bg6 36. Re2 Bd6 37. Nxb4 Bxb4 38. f4 d3 39. Re3 Bc5 40.
Re6 d2 41. Bf3 Bf7 42. f5 Bxe6 43. dxe6 Kg8 44. Kg2 Bb4 45. a6 bxa6 46. Kf1 Kf8
47. Ke2 Ke7 48. Kd3 Kd6 49. Ke4 a5 50. g5 a4 51. Kd3 Ke5 52. Bg4 d1=Q+ 53. Bxd1
Kxf5 54. Bxa4 Kxe6 55. Bc2 Be7 56. Kc4 g6 57. Kb5 Bxg5 58. Kc6 Bf4 59. b4 Kf6
60. b5 Kg5 61. Bb3 Kh4 62. Be6 h5 63. b6 cxb6 64. Kxb6 g5 65. Kc5 g4 66. hxg4
hxg4 67. Bxg4 1/2-1/2

[Event "Team Russia"]
[Site "Petergof"]
[Date "2015.08.04"]
[Round "4.38"]
[White "Gusarov, Aleksey"]
[Black "Golikov, Daniil"]
[Result "1-0"]
[WhiteElo "2003"]
[BlackElo "1995"]
[PlyCount "81"]
[EventDate "2015.08.??"]
[EventType "team-swiss"]

1. e4 e6 2. d4 d5 3. Nc3 Bb4 4. e5 Ne7 5. a3 Bxc3+ 6. bxc3 b6 7. Qg4 Ng6 8. h4
h5 9. Qg3 Ba6 10. Bxa6 Nxa6 11. Qd3 Nb8 12. Nf3 Nc6 13. Bg5 Qd7 14. c4 dxc4 15.
Qxc4 Na5 16. Qb4 Qd5 17. O-O Nc4 18. c3 a5 19. Qa4+ c6 20. Qc2 b5 21. Nd2 Nxd2
22. Qxd2 Nf8 23. a4 Nd7 24. axb5 cxb5 25. Rfb1 a4 26. Qb2 Rb8 27. Qb4 f6 28.
Bf4 Rb6 29. exf6 gxf6 30. Bc7 Rg8 31. g3 Rb7 32. Qd6 Nb6 33. Rxb5 Qxd6 34. Bxd6
Kd7 35. Bc5 Kc6 36. Rxb6+ Rxb6 37. Bxb6 Kxb6 38. Rxa4 Kb5 39. Rb4+ Kc6 40. Kg2
Rc8 41. Rc4+ 1-0

[Event "Team Russia"]
[Site "Petergof"]
[Date "2015.08.04"]
[Round "4.39"]
[White "Shinkevich, Maksim"]
[Black "Serov, Danila"]
[Result "1/2-1/2"]
[WhiteElo "1987"]
[BlackElo "1970"]
[PlyCount "89"]
[EventDate "2015.08.??"]
[EventType "team-swiss"]

1. d4 Nf6 2. c4 e5 3. e3 exd4 4. exd4 Bb4+ 5. Bd2 Bxd2+ 6. Qxd2 O-O 7. Bd3 Re8+
8. Ne2 d5 9. O-O b6 10. Nbc3 dxc4 11. Bxc4 Bb7 12. d5 Nbd7 13. Rfd1 a6 14. Ng3
b5 15. Bb3 Nc5 16. Bc2 g6 17. Qd4 Qd6 18. b4 Ncd7 19. Nge4 Nxe4 20. Nxe4 Qe5
21. Nc5 Qxd4 22. Rxd4 Nxc5 23. bxc5 Rad8 24. Bb3 a5 25. a4 bxa4 26. Bxa4 Re5
27. c6 Ba6 28. Rad1 Rd6 29. h3 Kf8 30. Bb3 Bb5 31. Rc1 a4 32. Ba2 Re2 33. Bc4
Bxc4 34. Rcxc4 a3 35. Ra4 a2 36. Ra8+ Ke7 37. Rd1 Rd8 38. Ra7 Kd6 39. Ra1 Rb8
40. R7xa2 Rxa2 41. Rxa2 Kxd5 42. Ra6 Kd6 43. g4 Rb6 44. Ra8 Rxc6 45. Rh8
1/2-1/2

[Event "Team Russia"]
[Site "Petergof"]
[Date "2015.08.04"]
[Round "4.40"]
[White "Alieva, Alexandra"]
[Black "Pankova, Julia"]
[Result "1-0"]
[WhiteElo "1963"]
[BlackElo "1681"]
[PlyCount "97"]
[EventDate "2015.08.??"]
[EventType "team-swiss"]

1. e4 c5 2. Nf3 e6 3. c3 d5 4. exd5 Qxd5 5. Na3 Nf6 6. d4 Nc6 7. Nb5 Qd8 8.
dxc5 Bxc5 9. Qxd8+ Kxd8 10. Bf4 Nd5 11. O-O-O Ke7 12. Bg3 a6 13. Nbd4 Nxd4 14.
Nxd4 b5 15. c4 bxc4 16. Bxc4 Bb7 17. Rhe1 Rhc8 18. Kb1 Kf8 19. Bb3 Rd8 20. f3
Rac8 21. a3 Be7 22. Bc2 Bf6 23. Be4 Ba8 24. Nb3 h5 25. h3 h4 26. Bh2 Be7 27.
Rc1 Bg5 28. Rc5 Bb7 29. Rxc8 Rxc8 30. Bd6+ Be7 31. Bxe7+ Kxe7 32. Na5 Ba8 33.
Bd3 Nf4 34. Bxa6 Rc7 35. Bf1 f5 36. b4 g5 37. b5 Rc8 38. Ka1 g4 39. b6 Bd5 40.
b7 Rb8 41. Rc1 Kd7 42. Bb5+ Kd8 43. Ba6 Bxb7 44. Bxb7 Ke8 45. fxg4 fxg4 46.
hxg4 Kf7 47. Nc6 Rg8 48. Rf1 Rxg4 49. Ne5+ 1-0

[Event "Team Russia"]
[Site "Petergof"]
[Date "2015.08.04"]
[Round "4.41"]
[White "Shubin, Kirill"]
[Black "Panov, Maksim"]
[Result "1-0"]
[WhiteElo "2216"]
[BlackElo "2187"]
[PlyCount "61"]
[EventDate "2015.08.??"]
[EventType "team-swiss"]

1. e4 d5 2. exd5 Qxd5 3. Nc3 Qa5 4. d4 Nf6 5. Nf3 Bf5 6. Bd2 e6 7. Bc4 Bb4 8.
a3 Bxc3 9. Bxc3 Qb6 10. O-O Nc6 11. a4 a5 12. Ne5 O-O 13. Bb5 Nxe5 14. dxe5
Rfd8 15. exf6 Rxd1 16. Rfxd1 c6 17. Be2 Re8 18. Rd7 gxf6 19. Bh5 Bg6 20. Bxg6
hxg6 21. Bxf6 Qc5 22. Rd3 Qf5 23. Rf3 Qxf3 24. gxf3 g5 25. Rd1 Kh7 26. Rd8 Rxd8
27. Bxd8 Kg6 28. Bxa5 Kf5 29. Bc3 e5 30. Kg2 f6 31. Kg3 1-0

[Event "Team Russia"]
[Site "Petergof"]
[Date "2015.08.04"]
[Round "4.42"]
[White "Radzhabov, Rodion"]
[Black "Obodenko, Amir"]
[Result "0-1"]
[WhiteElo "2128"]
[BlackElo "1970"]
[PlyCount "66"]
[EventDate "2015.08.??"]
[EventType "team-swiss"]

1. e4 c6 2. Nc3 d5 3. Qe2 Nf6 4. e5 Nfd7 5. d4 e6 6. Be3 c5 7. dxc5 Nc6 8. Nf3
Bxc5 9. Bxc5 Nxc5 10. Rd1 O-O 11. Qe3 Nd7 12. Bb5 Qc7 13. Bxc6 bxc6 14. O-O Qb6
15. Qc1 Rb8 16. b3 c5 17. Rfe1 Bb7 18. Qf4 Bc6 19. Ne2 Qc7 20. c3 a5 21. Rb1
Rfd8 22. Ng5 Nf8 23. Qh4 Qxe5 24. Nd4 Qc7 25. Nxc6 Qxc6 26. Qh5 Rd7 27. Re3 f6
28. Rxe6 Qc7 29. Re8 Rxe8 30. Qxe8 fxg5 31. Re1 Rf7 32. Re5 d4 33. Rxg5 Qf4 0-1

[Event "Team Russia"]
[Site "Petergof"]
[Date "2015.08.04"]
[Round "4.43"]
[White "Shchukin, Maksim"]
[Black "Polosin, Evgeni"]
[Result "0-1"]
[WhiteElo "1820"]
[BlackElo "2034"]
[PlyCount "46"]
[EventDate "2015.08.??"]
[EventType "team-swiss"]

1. e4 e5 2. Nf3 Nc6 3. Bb5 Bc5 4. O-O Qf6 5. c3 Nge7 6. Re1 a6 7. Ba4 b5 8. Bc2
d6 9. d4 Bb6 10. Bg5 Qg6 11. Bxe7 Kxe7 12. Nh4 Qf6 13. Nf5+ Kf8 14. d5 Bxf5 15.
dxc6 Bxf2+ 16. Kh1 Bxe1 17. exf5 Bf2 18. Nd2 d5 19. Qf3 Bb6 20. Qxd5 Rd8 21.
Ne4 Rxd5 22. Nxf6 gxf6 23. Bb3 Rd2 0-1

[Event "Team Russia"]
[Site "Petergof"]
[Date "2015.08.04"]
[Round "4.44"]
[White "Shnayder, Violetta"]
[Black "Kiseleva, Ekaterina"]
[Result "0-1"]
[WhiteElo "1932"]
[BlackElo "1826"]
[PlyCount "86"]
[EventDate "2015.08.??"]
[EventType "team-swiss"]

1. Nf3 d6 2. d4 g6 3. c4 Bg7 4. Nc3 Nf6 5. e4 O-O 6. Be2 e5 7. d5 Nbd7 8. O-O
Nc5 9. Qc2 a5 10. Be3 Ne8 11. Nd2 f5 12. f3 f4 13. Bf2 g5 14. a3 b6 15. b4 Nd7
16. Na4 h5 17. h3 axb4 18. axb4 Ndf6 19. c5 bxc5 20. bxc5 g4 21. cxd6 Nxd6 22.
Nc4 Nxc4 23. Bxc4 gxh3 24. Bc5 Re8 25. d6+ Kh8 26. Rfd1 cxd6 27. Bxd6 Bd7 28.
Bf7 Bxa4 29. Rxa4 Rxa4 30. Qxa4 Qb6+ 31. Kf1 hxg2+ 32. Kxg2 Qb2+ 33. Kf1 Rc8
34. Qa1 Qh2 35. Bb3 Qh3+ 36. Ke2 Qg2+ 37. Ke1 Qg1+ 38. Ke2 Qe3+ 39. Kf1 Qxf3+
40. Kg1 Qe3+ 41. Kf1 Qxb3 42. Bxe5 Qf3+ 43. Kg1 Rc2 0-1

[Event "Team Russia"]
[Site "Petergof"]
[Date "2015.08.04"]
[Round "4.45"]
[White "Malyshev, Grigory"]
[Black "Navrodskiy, Boris"]
[Result "1-0"]
[WhiteElo "2259"]
[BlackElo "2035"]
[PlyCount "113"]
[EventDate "2015.08.??"]
[EventType "team-swiss"]

1. d4 d5 2. c4 e6 3. Nc3 Be7 4. cxd5 exd5 5. Nf3 c6 6. Qc2 Nf6 7. Bg5 g6 8. e3
Bf5 9. Bd3 Bxd3 10. Qxd3 O-O 11. O-O Nbd7 12. Rab1 Re8 13. b4 a6 14. a4 Nb6 15.
Nd2 Nfd7 16. Bxe7 Qxe7 17. Rfc1 Nf6 18. Qc2 Rec8 19. Qb3 Kg7 20. Re1 Re8 21. f3
Qd7 22. a5 Nc8 23. Na4 Qd8 24. Nc5 Rb8 25. Qd3 Nd6 26. e4 Nb5 27. Ndb3 Nc7 28.
e5 Nd7 29. f4 Nxc5 30. Nxc5 Ne6 31. f5 gxf5 32. Qxf5 Nxc5 33. bxc5 Re6 34. Rf1
Qe7 35. Rb3 Rg6 36. Rbf3 Rf8 37. g3 Kg8 38. h4 Kg7 39. Kh2 Kg8 40. Kh3 Kg7 41.
g4 h6 42. Rg3 Rh8 43. Rgf3 Rf8 44. Rg3 Rh8 45. h5 Re6 46. g5 hxg5 47. Qxg5+
Qxg5 48. Rxg5+ Kf8 49. Rgf5 Rh7 50. Kh4 Rg7 51. Rg5 Rxg5 52. Kxg5 Re7 53. Rf6
Kg7 54. Rd6 Rc7 55. Rd8 Re7 56. h6+ Kh7 57. Kf6 1-0

[Event "Team Russia"]
[Site "Petergof"]
[Date "2015.08.04"]
[Round "4.46"]
[White "German, Nikita"]
[Black "Rudenko, Naum"]
[Result "1-0"]
[WhiteElo "1987"]
[BlackElo "1957"]
[PlyCount "129"]
[EventDate "2015.08.??"]
[EventType "team-swiss"]

1. e4 e6 2. Nf3 d5 3. Nc3 Nf6 4. e5 Nfd7 5. d4 c5 6. dxc5 Bxc5 7. Bd3 Nc6 8.
Bf4 f6 9. exf6 Qxf6 10. Bg3 O-O 11. O-O Nb6 12. Qe2 Bd7 13. Ne5 Bd4 14. Rae1
Rae8 15. Nxd7 Nxd7 16. Bd6 Bxc3 17. bxc3 Rf7 18. c4 Nd4 19. Qh5 g6 20. Qh3 Nf5
21. Ba3 d4 22. Bb2 Nd6 23. f4 b6 24. Qg4 Nf5 25. Bxf5 Qxf5 26. Qe2 Qc5 27. Qd3
Rc8 28. Rxe6 Qxc4 29. Re8+ Rf8 30. Rxf8+ Nxf8 31. Qf3 Rd8 32. f5 Qxa2 33. fxg6
Nxg6 34. Ba3 Qd5 35. Qf6 Re8 36. Rf5 Re1+ 37. Kf2 Qe6 38. Qd8+ Kg7 39. Qxd4+
Kg8 40. Qd8+ Qe8 41. Qd5+ Qe6 42. Qd8+ Qe8 43. Qd2 Re5 44. Rf3 Qe6 45. Qd8+ Qe8
46. Qd3 Qe6 47. Bb2 Re4 48. Qc3 Qe5 49. Qb3+ Qe6 50. Qc3 Qe5 51. Qd3 Qe6 52.
Rf6 Rf4+ 53. Rxf4 Nxf4 54. Qd8+ Kf7 55. Qd4 Kg6 56. Qxf4 Qc6 57. Qg4+ Kf7 58.
Qg7+ Ke8 59. Qg8+ Ke7 60. Qxh7+ Kd8 61. Qh8+ Kd7 62. Qd4+ Ke8 63. c4 Qg6 64.
Qe5+ Kd7 65. Qg7+ 1-0

[Event "Team Russia"]
[Site "Petergof"]
[Date "2015.08.04"]
[Round "4.47"]
[White "Bogdanov, Stanislav"]
[Black "Antonian, Grant"]
[Result "0-1"]
[WhiteElo "1846"]
[BlackElo "1869"]
[PlyCount "108"]
[EventDate "2015.08.??"]
[EventType "team-swiss"]

1. d4 d5 2. Bf4 Nf6 3. e3 c5 4. dxc5 e6 5. Nc3 Bxc5 6. Nf3 O-O 7. Bd3 Nc6 8.
O-O h6 9. a3 a6 10. Re1 Re8 11. Ne5 Bd6 12. Nxc6 bxc6 13. Bxd6 Qxd6 14. e4 e5
15. exd5 cxd5 16. Qd2 Bb7 17. Rab1 Rad8 18. Bf5 d4 19. Ne4 Bxe4 20. Bxe4 Nxe4
21. Rxe4 f5 22. Ree1 e4 23. Rbd1 f4 24. Re2 f3 25. Ree1 Qg6 26. g3 Qh5 27. h4
Qf5 28. Kh2 Qe5 29. Qf4 Qxf4 30. gxf4 Kf7 31. Kg3 Kf6 32. Rd2 Re6 33. Red1 Red6
34. Kg4 h5+ 35. Kg3 Kf5 36. c4 d3 37. b4 Rg6+ 38. Kh3 Kxf4 39. Re1 Re6 40. Re3
Rc6 41. c5 a5 42. Rd1 axb4 43. axb4 Rb8 44. Rb1 Rxc5 45. Rg1 Rxb4 46. Rxg7 Rd4
47. Rf7+ Rf5 48. Rxf5+ Kxf5 49. Re1 d2 50. Rd1 Kf4 51. Kh2 e3 52. Rg1 d1=Q 53.
Kh3 Qxg1 54. fxe3+ Ke4 0-1

[Event "Team Russia"]
[Site "Petergof"]
[Date "2015.08.04"]
[Round "4.48"]
[White "Granovskaya, Ekaterina"]
[Black "Tikhonova, Dariya"]
[Result "1-0"]
[WhiteElo "1626"]
[BlackElo "1753"]
[PlyCount "53"]
[EventDate "2015.08.??"]
[EventType "team-swiss"]

1. e4 c5 2. Nf3 g6 3. d4 Bg7 4. c4 cxd4 5. Nxd4 Nc6 6. Be3 d6 7. Nc3 Nf6 8. f3
O-O 9. Be2 Ne5 10. Rc1 Nfd7 11. O-O Nc5 12. b4 Ne6 13. Nd5 Nc6 14. Nb3 Nc7 15.
Qd2 f5 16. Rfd1 b6 17. b5 Nxb5 18. cxb5 Ne5 19. Nxb6 Rb8 20. Nxc8 Rxc8 21. Rxc8
Qxc8 22. Qd5+ Kh8 23. Rc1 Qb8 24. Nd4 fxe4 25. f4 Nd7 26. Ne6 Nf6 27. Qc4 1-0

[Event "Team Russia"]
[Site "Petergof"]
[Date "2015.08.04"]
[Round "4.49"]
[White "Abramov, Nikita"]
[Black "Khramov, Andrey"]
[Result "0-1"]
[WhiteElo "2269"]
[BlackElo "2060"]
[PlyCount "114"]
[EventDate "2015.08.??"]
[EventType "team-swiss"]

1. e4 e5 2. Nf3 Nc6 3. Bc4 Bc5 4. c3 Nf6 5. d3 O-O 6. O-O d5 7. exd5 Nxd5 8.
Re1 Bg4 9. h3 Bh5 10. Nbd2 Nb6 11. Bb5 Bd6 12. Ne4 Re8 13. Ng3 Bg6 14. d4 exd4
15. Rxe8+ Qxe8 16. cxd4 Rd8 17. Nf1 a6 18. Bd3 Be7 19. Bxg6 hxg6 20. Bf4 Qd7
21. Qb3 Bd6 22. Bxd6 Qxd6 23. Rd1 Qd5 24. Qa3 Qe4 25. Qc3 Nd5 26. Qb3 Nb6 27.
Qxf7+ Kxf7 28. Ng5+ Ke7 29. Nxe4 Rxd4 30. Re1 Kd7 31. Nc5+ Kc8 32. Ne6 Rd7 33.
Nf8 Re7 34. Rd1 Re2 35. Nxg6 Rxb2 36. g4 Rxa2 37. h4 Ra4 38. Ne3 Rd4 39. Re1 a5
40. f3 a4 41. Nf5 Rd7 42. h5 Nd5 43. g5 b5 44. Kf2 a3 45. Nxg7 Rxg7 46. h6 Rh7
47. Nf8 Rh8 48. h7 Nf4 49. Kg3 Rxf8 50. h8=Q Rxh8 51. Kxf4 b4 52. g6 a2 53. Kg5
b3 54. g7 Rd8 55. Rd1 Rg8 56. Kf6 b2 57. Kf7 Rxg7+ 0-1

[Event "Team Russia"]
[Site "Petergof"]
[Date "2015.08.04"]
[Round "4.50"]
[White "Azimov, Ilyas"]
[Black "Kuzmin, Egor"]
[Result "1-0"]
[WhiteElo "2058"]
[BlackElo "2290"]
[PlyCount "77"]
[EventDate "2015.08.??"]
[EventType "team-swiss"]

1. e4 g6 2. d4 Bg7 3. c4 d6 4. Nf3 e5 5. Nc3 Nc6 6. Be3 Bg4 7. d5 Nd4 8. Nb5
Bxf3 9. gxf3 Nxb5 10. cxb5 f5 11. Qc2 Ne7 12. Rc1 Rc8 13. Qa4 b6 14. Qxa7 O-O
15. a4 fxe4 16. fxe4 Qd7 17. Rg1 Rf4 18. Bd3 Bh6 19. Bxf4 Bxf4 20. Rc3 Qh3 21.
Bf1 Qh6 22. Rxc7 Bd2+ 23. Ke2 Rf8 24. Qxb6 Bc1 25. Rc2 Nc8 26. Qa5 Qf4 27. Kd1
Be3 28. fxe3 Qxe3 29. Rcg2 Qb3+ 30. Kc1 Ne7 31. Rg3 Qa2 32. Be2 Rc8+ 33. Rc3
Rxc3+ 34. Qxc3 Qa1+ 35. Kd2 Qxg1 36. a5 Qg5+ 37. Kc2 Qg2 38. Qf3 Qg1 39. b6 1-0

[Event "Team Russia"]
[Site "Petergof"]
[Date "2015.08.04"]
[Round "4.51"]
[White "Kuznetsov, Felix"]
[Black "Petrushev, Nikita"]
[Result "0-1"]
[WhiteElo "2201"]
[BlackElo "2060"]
[PlyCount "140"]
[EventDate "2015.08.??"]
[EventType "team-swiss"]

1. f4 e5 2. fxe5 d6 3. exd6 Bxd6 4. Nf3 g5 5. c3 g4 6. Qa4+ Nc6 7. Qe4+ Nge7 8.
Nd4 O-O 9. d3 Nxd4 10. Qxd4 Ng6 11. g3 c5 12. Qf2 Re8 13. Bg2 Re5 14. Nd2 Rf5
15. Qe3 Re5 16. Qf2 Rf5 17. Qg1 Be7 18. Be4 Rh5 19. Nc4 f5 20. Bg2 Rb8 21. Be3
b5 22. Nd2 Qc7 23. O-O-O Be6 24. Kb1 Qe5 25. Qf2 b4 26. d4 Qg7 27. c4 cxd4 28.
Bxd4 Qf7 29. Qe3 Bg5 30. Qxe6 Qxe6 31. Bd5 Qxd5 32. cxd5 Rd8 33. Bxa7 Rxd5 34.
e3 Ne5 35. Bd4 Nc6 36. Nc4 Kf7 37. Rd2 Ke6 38. Rhd1 Nxd4 39. Rxd4 Rxd4 40. exd4
Kd5 41. b3 Rxh2 42. Rf1 Kxd4 43. Nd6 Kd3 44. Nxf5 Bf6 45. Rd1+ Ke4 46. Nd6+ Ke5
47. Nc4+ Ke6 48. Re1+ Kf7 49. Nd6+ Kg6 50. Re4 h5 51. Rxb4 Rb2+ 52. Kc1 Rxa2
53. Rb6 Re2 54. Kd1 Re6 55. Nc4 Rxb6 56. Nxb6 Be5 57. Ke2 Bxg3 58. b4 h4 59.
Nd5 Bb8 60. Ne3 g3 61. Kf3 Kg5 62. Kg2 Ba7 63. Nf1 Kg4 64. Nh2+ Kf4 65. b5 Bb8
66. b6 Ke4 67. Nf1 Kd3 68. Nh2 Ke2 69. Ng4 h3+ 70. Kxh3 Kf3 0-1

[Event "Team Russia"]
[Site "Petergof"]
[Date "2015.08.04"]
[Round "4.52"]
[White "Rybakova, Polina"]
[Black "Toporkova, Sofia"]
[Result "1/2-1/2"]
[WhiteElo "1926"]
[BlackElo "1945"]
[PlyCount "51"]
[EventDate "2015.08.??"]
[EventType "team-swiss"]

1. e4 e6 2. d4 d5 3. Nd2 Be7 4. c3 c5 5. exd5 Qxd5 6. Ngf3 Nc6 7. Bc4 Qd8 8.
Nb3 cxd4 9. Nfxd4 Ne5 10. Be2 a6 11. O-O Nf6 12. Qc2 O-O 13. f4 Ng6 14. f5 exf5
15. Nxf5 Qb6+ 16. Kh1 Bxf5 17. Qxf5 Rad8 18. Qh3 Qc7 19. Nd4 Qc5 20. Nf5 Nd5
21. Qg4 Nf6 22. Qf3 Ne8 23. Qh5 Nf6 24. Qf3 Ne8 25. Qh5 Nf6 26. Qf3 1/2-1/2